Statistics for Golden State Warriors - Portland Trail Blazers NBA Playoffs 2017

Click here to take the quiz!

General Stats

  • This quiz has been taken 107 times
  • The average score is 8 of 26

Answer Stats

Answer % Correct
Stephen Curry
96%
Draymond Green
95%
Klay Thompson
92%
Andre Iguodala
64%
Kevin Durant
56%
Damian Lillard
56%
CJ McCollum
49%
Zaza Pachulia
37%
JaVale McGee
33%
Shaun Livingston
25%
Patrick McCaw
25%
Ian Clark
24%
Al-Farouq Aminu
20%
Evan Turner
18%
David West
18%
Jusuf Nurkic
18%
Noah Vonleh
15%
James Michael McAdoo
13%
Maurice Harkless
13%
Allen Crabbe
11%
Damian Jones
8%
Shabazz Napier
8%
Meyers Leonard
7%
Jake Layman
2%
Tim Quarterman
1%
Pat Connaughton
0%

Score Distribution

Percentile by Number Answered

Percent of People with Each Score

Your Score History

You have not taken this quiz